000 00222nam a22000857a 4500
008 160827b xxu||||| |||| 00| 0 eng d
100 _9251
_aSingh K
245 _aPaani Hindi Story book
260 _aNew Delhi
_bGlobal Harmony
_c2011
999 _c2907
_d2907